| Tag |
First Indicator |
Second Indicator |
Subfields |
| LEADER |
00000cam a2200000 4500 |
| 001 |
in00001245721 |
| 005 |
20151003093359.0 |
| 008 |
740307s1961 xx b 000 0 eng u |
| 010 |
|
|
|a 61007453
|
| 035 |
|
|
|a (OCoLC)00824308
|
| 035 |
|
|
|9 AGV6359AM
|
| 040 |
|
|
|c KSU
|d TXA
|d UtOrBLW
|
| 041 |
1 |
|
|a eng
|a fre
|
| 049 |
|
|
|a TXAM
|
| 050 |
0 |
0 |
|a BX4700.V5
|b P43 1961
|
| 100 |
1 |
|
|a Pezeril, Daniel.
|
| 240 |
1 |
0 |
|a Pauvre et saint curé d'Ars.
|l English
|
| 245 |
1 |
0 |
|a Blessed and poor :
|b the spiritual odyssey of the Curé of Ars /
|c Daniel Pezeril ; translated by Pansy Pakenham.
|
| 264 |
|
1 |
|a New York :
|b Pantheon Books,
|c 1961.
|
| 300 |
|
|
|a 255 pages ;
|c 22 cm.
|
| 336 |
|
|
|a text
|b txt
|2 rdacontent
|
| 337 |
|
|
|a unmediated
|b n
|2 rdamedia
|
| 338 |
|
|
|a volume
|b nc
|2 rdacarrier
|
| 500 |
|
|
|a Translation of: Pauvre et saint curé d'Ars. Paris, 1959.
|
| 504 |
|
|
|a Includes bibliographical references (page 255).
|
| 600 |
1 |
0 |
|a Vianney, Jean-Baptiste-Marie,
|c Saint,
|d 1786-1859.
|
| 999 |
|
|
|a MARS
|
| 999 |
f |
f |
|s 67236852-94a9-3bad-8fc4-83014285eaf5
|i d0ed153f-4baf-36f5-8537-8ad7813f2d15
|t 0
|
| 952 |
f |
f |
|p ric
|a Texas A&M University
|b Rellis Campus
|c Joint Library Facility
|d Remote Storage
|t 0
|e BX4700.V5 P43 1961
|h Library of Congress classification
|i unmediated -- volume
|m A14819506379
|
| 998 |
f |
f |
|a BX4700.V5 P43 1961
|t 0
|l Remote Storage
|